|
|
|
|
| LEADER |
00000nam0a2200000 4500 |
| 001 |
68905 |
| 005 |
20260114091023.0 |
| 035 |
|
|
|a (RuTPU)RU\TPU\book\73374
|
| 090 |
|
|
|a 68905
|
| 100 |
|
|
|a 20041012d1965 km y0rusy50 ca
|
| 101 |
1 |
|
|a rus
|c eng
|
| 102 |
|
|
|a RU
|
| 105 |
|
|
|a a z 001zy
|
| 181 |
|
0 |
|a i
|b e
|
| 182 |
|
0 |
|a n
|
| 183 |
|
0 |
|a nc
|2 RDAcarrier
|
| 200 |
1 |
|
|a Классическая электродинамика
|f Дж. Джексон
|g пер. с англ. Г. В. Воскресенского, Л. С. Соловьева
|
| 203 |
|
|
|a Текст
|b визуальный
|c непосредственный
|
| 210 |
|
|
|a Москва
|c Мир
|d 1965
|
| 215 |
|
|
|a 702 с.
|c ил.
|
| 283 |
|
|
|a volume
|2 RDAcarrier
|
| 320 |
|
|
|a Библиогр.: с. 682-687
|
| 330 |
|
|
|a Книга Джексона представляет собой курс электродинамики. В ее основу положен курс лекций, которые автор читал в течение многих лет в Иллинойсском университете и университете Мак-Гилла (США).
Наряду с традиционными разделами электродинамики (от электростатики до специальной теории относительности) в книге рассматриваются наиболее интересные ее приложения, например в радиотехнике (теория волноводов и резонаторов, теория излучения) и в ядерной физике (соударения заряженных частиц, излучение движущихся частиц).
Книга Джексона рассчитана прежде всего на студентов и аспирантов физических и технических специальностей, желающих не только получить ясные физические представления и конкретные знания природы электромагнитных явлений, но и приобрести навыки самостоятельного решения прикладных задач в этой области. Автор уделяет довольно много места описанию различных методов решения электродинамических проблем, от простейшего метода зеркальных изображений до метода парных интегральных уравнений. К каждой главе подобраны поучительные упражнения и задачи, являющиеся ценным дополнением к основному тексту и иллюстрирующие приложения описываемых методов
|
| 606 |
|
|
|a Классическая электродинамика
|9 40859
|
| 610 |
1 |
|
|a электродинамика
|
| 610 |
1 |
|
|a электростатика
|
| 610 |
1 |
|
|a мультиполи
|
| 610 |
1 |
|
|a диэлектрики
|
| 610 |
1 |
|
|a магнитостатика
|
| 610 |
1 |
|
|a уравнения Максвелла
|
| 610 |
1 |
|
|a законы сохранения
|
| 610 |
1 |
|
|a электромагнитные волны
|
| 610 |
1 |
|
|a волноводы
|
| 610 |
1 |
|
|a резонаторы
|
| 610 |
1 |
|
|a дифракция
|
| 610 |
1 |
|
|a физика
|
| 610 |
1 |
|
|a теория относительности
|
| 610 |
1 |
|
|a потери
|
| 610 |
1 |
|
|a энергия
|
| 610 |
1 |
|
|a движущиеся заряды
|
| 610 |
1 |
|
|a излучения
|
| 610 |
1 |
|
|a тормозное излучение
|
| 610 |
1 |
|
|a поля мультиполей
|
| 610 |
1 |
|
|a плазма
|
| 675 |
|
|
|a 537.8:530.145
|v 4
|
| 700 |
|
1 |
|a Джексон
|b Дж.
|g Джон
|
| 702 |
|
1 |
|4 730
|a Воскресенский
|b Г. В.
|
| 702 |
|
1 |
|4 730
|a Соловьев
|b Л. С.
|
| 801 |
|
1 |
|a RU
|b 63413507
|c 20041012
|g PSBO
|
| 801 |
|
2 |
|a RU
|b 63413507
|c 20130621
|g PSBO
|
| 942 |
|
|
|c BK
|